000
00173 a2200097 4500
041
_a
spa
100
_a
Angela Dominguez
245
_a
Com se Dice
942
_c
BK
952
_7
1
999
_c
23161
_d
23161